00340nam a22001217a 4500020001500000082002800015100001900043245005700062260004100119300001300160526003700173650000800210 a0140317444 a616.89bFREcL-29, P-63 aFrued, Sigmund aSigmund frued /bon psychopathologyc Sigmund Frued  aNew York :bPenguim Book Ltd,c1979. a366 p. : a0b0c0d616_890000000000000_FRE aMCE